| 000 | 00709nam a2200181 i 4500 | ||
|---|---|---|---|
| 001 | 161030 | ||
| 003 | ES-MaACL | ||
| 005 | 20230906212159.0 | ||
| 008 | 041008s1862 fr |||| | fre d | ||
| 040 |
_aCAM _bspa _cCAM |
||
| 100 | 1 |
_aOppert, Jules. _9130662 |
|
| 245 | 1 | 4 |
_aLes inscriptions assyriennes des Sargonides et les fastes de Ninive / _cpar Jules Oppert. |
| 260 |
_aVersailles : _b[s.n.], _c1862 ( _fImprimerie de Beau Jeune, Éditeur) |
||
| 300 |
_a60 p. ; _c22 cm. |
||
| 500 | _aExtrait du t.VI (5e série) des Annales de Philosophie chrétienne) | ||
| 650 | 4 |
_aEscritura asiria. _9136036 |
|
| 852 |
_aES-MaACL _jG-6374 _z-- Enc. hol. _q-- Falto de la cub. original _z-- Enc. en un vol. facticio |
||
| 999 |
_c161030 _d161030 |
||